Dragon Ball Z characters - Statistics

General Stats
  • This quiz has been taken 603 times
  • The average score is 42 of 88
Answer Stats
Answer % Correct
Goku
99%
Vegeta
97%
Gohan
96%
Goten
94%
Trunks
92%
Bulma
88%
Cell
86%
Piccolo
86%
Chi Chi
85%
Frieza
82%
Krillin
81%
Yamcha
81%
Android 17
79%
Android 18
79%
Android 16
75%
Tien
75%
Android 19
74%
Nappa
73%
Raditz
72%
Master Roshi
69%
Videl
67%
Gotenks
66%
Kid Buu
66%
Gogeta
64%
Pan
64%
Vegito
64%
Kami
62%
Dende
61%
Jeice
58%
King Kai
58%
Mr Satan
58%
Super Buu
56%
Burter
55%
Recoome
55%
Zarbon
55%
Captain Ginyu
54%
Dodoria
53%
Babidi
52%
Guldo
52%
Mr Popo
52%
Chiaotzu
51%
Nail
51%
Oolong
51%
Puar
49%
Dabura
47%
Supreme Kai
47%
King Cold
44%
Future Trunks
43%
Ox King
41%
Bee
40%
Shenron
39%
Uub
39%
Yajirobe
39%
Kibito
37%
Bibidi
36%
Bulla
35%
Guru
35%
King Vegeta
33%
Korin
33%
Pui Pui
33%
Cui
31%
Bubbles
29%
Dr Brief
29%
Evil Buu
29%
Old Kai
28%
South Kai
28%
East Kai
27%
West Kai
27%
Marron
26%
Spopovich
26%
Yakon
26%
Garlic Jr
24%
King Yemma
24%
Baba
23%
Gregory
23%
Mrs Brief
22%
Pikkon
22%
Porunga
22%
Yamu
22%
Kibito Kai
18%
Moori
14%
Mercenary Tao
7%
Princess Snake
7%
Goz
4%
Icarus
4%
Mez
4%
Android 20/Dr Gero
3%
Majin Buu/Good Buu
2%
No matching quizzes found
Score Distribution
Percent of People with Each Score
Percentile by Number Answered
Your Score History
You have not taken this quiz